Quizzes
Events
Quiz Creation
Community
Videos
Private Events
Remove Ads
Sign In
Join for FREE
Feedback
Dark Mode
Quiz Categories
Sports
Geography
Music
Movies
Television
Just For Fun
Miscellaneous
History
Literature
Language
Science
Gaming
Entertainment
Religion
Holiday
For Kids
Quiz Lab
Recent
Popular Today
Quiz Kudos Today
Editor Picks
Curator Picks
Quizzes by...
Day
Popularity
Type
Ratings
Length
Year
Community
Subscriptions
Recent Discussions
Orange Saloon
Badges
Playlists
Quests
Create
Leaderboards
Showdown
Live 5
Trivia Bingo
Activity
Puzzle Library
Sporcle Events
Private Events
Virtual Trivia
Globe League
Become a Host
Pub Owners
SporcleCon
Opinionation
Our Games
Videos
Blog
Mobile Apps
Partnerships
Remove Ads and Go Orange
Feedback
Just For Fun
Clickable
Get the Picture
Humor
Quick Pick
Word Ladder
Missing Word
Mixed Word
Blitz
Minefield
This or That
Alphabet
Color
Typing
Sporcle
Puzzle
Word Play
Follow That Line
Logic
Just For Fun
Clickable
Get the Picture
Humor
Quick Pick
Word Ladder
Missing Word
Mixed Word
Blitz
Minefield
This or That
Alphabet
Color
Typing
Sporcle
Puzzle
Word Play
Follow That Line
Logic
Random Quiz
Search Sporcle
×
Quiz Lab
Quiz Lab
Just For Fun
Book
Type in answers that appear in a list
Type in answers that appear in a list
Classic
Best Score? Go Orange.
All about percy jackson Stats
Can you name the characters in the percy jackson book series?
By
chr44
15m
60 Questions
290 Plays
290 Plays
290 Plays
Comments
Comments
Give Quiz Kudos
Give Quiz Kudos
-
- Ratings
hide this ad
Replay
Link that replays current quiz
Next Quiz
Link to next quiz in quiz playlist
You Got
0%
They Got
Avg Score
22%
Avg Friend Score
Upgrade to see
Score Distribution
Jump to the score distribution portion of the page
Score
0/60
Timer
15:00
0
Plays Today
% Correct
percy
96.2%
annabeth
95.2%
zeus
68.6%
poseidon
65.9%
hades
62.4%
ares
54.1%
athena
53.1%
luke
52.8%
apollo
49.7%
hera
48.6%
artemis
46.9%
aphrodite
44.5%
tyson
43.1%
demeter
41.4%
kronos
41.4%
dionysus
40.3%
hermes
38.3%
hestia
33.8%
sally
33.4%
mino-taur
28.3%
medusa
24.8%
rachel
19.7%
travis
17.9%
connor
17.2%
paul
16.6%
ethan
15.2%
atlas
14.1%
pan
12.1%
michael
11.7%
hydra
11.7%
% Correct
will
10.7%
chris
10.7%
katie
9.3%
fury
9%
hyperion
7.9%
prometheus
7.9%
hellhound
7.9%
typhon
7.6%
cyclops
7.6%
hephastus
7.2%
centaur
5.9%
malcolm
4.5%
selina
4.5%
manticore
4.5%
oceanus
4.5%
pegasus
3.8%
olympus
3.8%
clarrisse
3.1%
labyrinth
3.1%
ladon
2.4%
tartarus
2.1%
enchidna
1.7%
peleus
1.7%
dr. chase
1.7%
atlantis
1.7%
namean
1%
emposai
1%
princess andromeda
1%
bekendorf
0.7%
dracanae
0.7%
Quiz Playlist
Details
Report
Send in Message
Add To Playlist
Classic:
Type in answers that appear in a list
Last Updated: Feb 16, 2017
Quiz Scoreboard
CHALLENGE
Sign Up to Join the Scoreboard
Show All
Scores
Hide
Comments
May contain spoilers
Recently Published
One Thing in Common: World Cities II
by knightlancer
Geography
7m
Popular People in 1961
by mucciniale
History
6m
1-10 Letter E Words III
by El_Dandy
Language
2m
More to Explore
Quiz From the Vault
Featured Blog Post
Where Did the Easter Bunny Come From?
hide this ad
You Might Also Like...
Tags
Book Quiz
jackson
Percy Jackson
Today's Top Quizzes in Just For Fun
Browse Just For Fun
hide this ad
Today's Top Quizzes in Book
Browse Book
Top Contributed Quizzes in Just For Fun
1
Harry Potter Logic - 'In Chains' II
2
Survivor Winners Logic Puzzle
3
Crossword Whiteout! 49
4
Letter's Position in the Alphabet Blitz
5
Thermometer Puzzle 25
6
Aquarium Logic Puzzle 17
7
Big Thermometer Puzzle 21
8
Clickable 1 to 100 Minefield
9
K-Pop Idol Olympics Logic Quiz II
10
Tapa Puzzle
Explore More
Trending Topics
Kpop
Marvel
Disney
Anime
Crossword
NBA
Harry Potter
Song
NFL
WWE
The Office
Pokémon
Puzzle
Soccer
Country
hide this ad
More By:
chr44
Quiz
Plays
Rating
Category
Featured
Created
phineas and ferb characters
127
2.50
Television
Jul 4, 2010
disney channel characters by show
119
Television
Jul 12, 2010
Go to Creator's Profile
Score Distribution
Quiz Creator Spotlight
chr44
Follow
Send a Message
Quizzes Created
-
Created Quiz Play Count
-
More By This Creator
Popular Quizzes Today
1
Find the US States - No Outlines Minefield
2
The Countries of the World
3
Find the Countries of Europe - No Outlines Minefield
4
Popular People in 1961
5
1-10 Letter E Words III
6
Find the US States
7
One Thing in Common: World Cities II
8
US States
More Just For Fun Quizzes
Word Ladder: French Expression
Published
Trending Quizzes
Risky Map Clicking: Least Populous States A-Z
1-10 Letter F Words
1-10 Letter G Words
One Thing in Common: United Kingdom
Risky Map Clicking: Next State Alphabetically
Recently Updated
Leaping Animals
pecheneg
Reality TV Shows (A-Z)
bhenderson79
Rickey Henderson's Hall of Fame Teammates
pecheneg
Champions League XIs: Arsenal
pecheneg
Quick Pick: Celebrities in WWE's Hall of Fame
aduchscher
A-Z Keypad Blitz II
pecheneg
Multiple Oscar Actors
pecheneg
Mystery Phrase Blitz: Oscar 'Best Actors'
pecheneg
F. Scott Fitzgerald Novels
LTH
Pick 3 Villains
ddd62291
Trending Topics
Kpop
Harry Potter
Anime
Crossword
Disney
NBA
Marvel
Puzzle
Song
The Office
WWE
NFL
Country
Soccer
Pokémon
Your Account Isn't Verified!
In order to create a playlist on Sporcle, you need to verify the email address you used during registration. Go to your
Sporcle Settings
to finish the process.
Report this User
Report this user for behavior that violates our
Community Guidelines
.
Details:
Send Report
Go to the Sporcle.com Mobile Site →
Comments